000
00279nam a2200121 a 4500
008
101022s1978|||| d
100
1
_a
Livius, Titus
245
1
0
_a
Hrdinské báje Ríma
260
_b
Tatran
_a
Bratislava
_c
1978
041
_a
slo
020
_c
19
044
_a
xo
_c
SK
999
_c
12024
_d
12024